000 00528nam a2200169Ia 4500
003 GCL
008 140319s9999 xx 000 0 ara d
040 _aGCL /
_cGCL
082 0 4 _a301.22
_bا ث
100 1 _aاتحاد العمال العرب
245 1 0 _aالثقافة العمالية /
_cاتحاد العمال العرب
300 _a54 ص
490 _aالهيئة العامة للاستعلامات
_v0
650 0 4 _aالوعى الاجتماعى
650 0 4 _aالثقافة العمالية
942 _2ddc
_cBK
999 _c47368
_d47368